| 000 | 00600nam a22001577a 4500 | ||
|---|---|---|---|
| 040 | _cNUST | ||
| 082 | _a200 | ||
| 100 |
_aSadiq Fawad _935021 |
||
| 110 |
_aSupervisor Dr. Syed Tasweer Hussain Shah _995941 |
||
| 245 |
_aManagers’ Disruptive Innovation Activities in Technology Organizations Analyzing Antecedents and Developing a Measurement Scale/ _cFawad Sadiq |
||
| 260 |
_aRawalpindi: _bNUST COLLEGE OF EME, _c2021. |
||
| 300 |
_a225,p; _bill; _c30,cm. |
||
| 650 |
_aPhD- ENGINEERING MANAGEMENT _9124516 |
||
| 856 | _uhttp://10.250.8.41:8080/xmlui/handle/123456789/34782 | ||
| 942 |
_2ddc _cSC |
||
| 999 |
_c586777 _d586777 |
||